|
|
|
|
| LEADER |
00671cam a2200205 7i4500 |
| 001 |
0000028367 |
| 005 |
20091030090000.0 |
| 008 |
091030 eng |
| 020 |
|
|
|a 0070094667 (hbk.)
|
| 040 |
|
|
|a OhCoOLI
|
| 090 |
0 |
0 |
|a QA241
|b .B87 1998
|
| 100 |
1 |
|
|a Burton, David M
|
| 245 |
1 |
0 |
|a Elementary number theory
|c David M.Burton.
|
| 250 |
|
|
|a 4th ed.
|
| 260 |
|
|
|a New York:
|b The McGraw-Hill Companies, Inc,
|c 1998.
|
| 300 |
|
|
|a xii,386p.:
|b ill.;
|c 24cm.
|
| 490 |
0 |
|
|a International series in pure and applied
|
| 504 |
|
|
|a Includes bibliographical references and index
|
| 650 |
0 |
0 |
|a Number theory
|
| 999 |
|
|
|a 0000027152
|b BOK
|c OPEN SHELF
|e 2nd Floor, Bestari Jaya
|